000 00389nam a2200157 i 4500
001 bg
100 1 _aCRAIK, D. J.
245 0 _aFerromagnetism and ferromagnetic domains /
_cD.J. Craik, R.S. Tebble.
260 _aAmsterdam,
_c1965.
700 1 _aTEBBLE, R. S.
040 _cBPK
041 _apol
080 _a537.6:538.95
942 _cKS
008 s pl f |000 0 pol
999 _c15724
_d15724
856 _uhttp://koha.tu.koszalin.pl/cgi-bin/koha/opac-detail.pl?biblionumber=15724
_yKatalog online BPK